Fr. Conceicao Rodrigues College of Engineering

Hadoop:The definitive Guide (Record no. 23216)

MARC details
000 -LEADER
fixed length control field 00356nam a2200181Ia 4500
082 ## - DEWEY DECIMAL CLASSIFICATION NUMBER
Classification number 5.133
Item number WHI
100 ## - MAIN ENTRY--PERSONAL NAME
Personal name White/Tom
250 ## - EDITION STATEMENT
Edition statement 3
245 ## - TITLE STATEMENT
Title Hadoop:The definitive Guide
260 ## - PUBLICATION, DISTRIBUTION, ETC.
Name of publisher, distributor, etc. SPD
Date of publication, distribution, etc. 2012
366 ## - TRADE AVAILABILITY INFORMATION
Publishers's discount category 25
300 ## - PHYSICAL DESCRIPTION
Extent 657
546 ## - LANGUAGE NOTE
Language note ENGLISH
-- electronics
650 ## - SUBJECT ADDED ENTRY--TOPICAL TERM
Topical term or geographic name entry element Hadoop
654 ## - SUBJECT ADDED ENTRY--FACETED TOPICAL TERMS
Focus term hadoop
942 ## - ADDED ENTRY ELEMENTS (KOHA)
Koha item type BOOK
Holdings
Withdrawn status Lost status Damaged status Not for loan Collection Home library Current library Date acquired Source of acquisition Cost, normal purchase price Inventory number Total Checkouts Full call number Barcode Date last seen Cost, replacement price Price effective from Koha item type
        CRC Fr. Agnel's C.Rodrigues College of Engineering Fr. Agnel's C.Rodrigues College of Engineering 17/03/2023 Allied Publishers 487.50 1828 dt 08.01.2014   5.133 WHI 23059 17/03/2023 650.00   BOOK